[Event "Hastings8081"]
[Site "Hastings"]
[Date "1980.??.??"]
[Round "12"]
[White "Speelman, Jonathan S"]
[Black "Pinter, Jozsef"]
[Result "1/2-1/2"]
[WhiteElo "2490"]
[BlackElo "2535"]

1.d4 Nf6 2.c4 e6 3.Nf3 c5 4.e3 d5 5.cxd5 exd5 6.Be2 Nc6 7.O-O cxd4 8.Nxd4 Bd6
9.Nc3 O-O 10.Bf3 Be5 11.Nce2 Qd6 12.g3 Bh3 13.Re1 Rfe8 14.Bd2 Ne4 15.Bc3 Rad8
16.Rc1 Qf6 17.Nf4 Nxc3 18.bxc3 Bxf4 19.exf4 Rxe1+ 20.Qxe1 g5 21.Bg2 Nxd4
22.cxd4 Bxg2 23.fxg5 Qxd4 24.Qe7 Rf8 25.Kxg2 Qb2 26.Rc7 Qxa2 27.Rxb7 a5 28.h4 Qc4
29.h5 Qe4+ 30.Qxe4 dxe4 31.Ra7 Re8 32.g4 Kf8 33.Rxa5 e3 34.fxe3 Rxe3 35.Ra8+ Ke7
36.Rb8 Re5 37.Rg8 Re6 38.Rg7 h6 39.g6 Rf6 40.Rh7 Kf8 41.gxf7 Ra6 42.Kg3 Rb6
43.Kf4 Ra6 44.Kf5 Ra5+  1/2-1/2

[Event "Hastings8081"]
[Site "Hastings"]
[Date "1980.??.??"]
[Round "13"]
[White "Chandler, Murray G"]
[Black "Speelman, Jonathan S"]
[Result "1/2-1/2"]
[WhiteElo "2450"]
[BlackElo "2490"]

1.d4 Nf6 2.c4 e6 3.Nc3 Bb4 4.e3 O-O 5.Bd3 d5 6.Ne2 dxc4 7.Bxc4 c5 8.O-O Nc6
9.a3 Bxc3 10.bxc3 e5 11.Bb2 Re8 12.Ba2 Be6 13.c4 exd4 14.exd4 Qb6 15.Bc3 Bg4
16.f3 cxd4 17.Rb1 Qc5 18.Nxd4 Rad8 19.Rb5 Qe7  1/2-1/2

[Event "Hastings8081"]
[Site "Hastings"]
[Date "1980.??.??"]
[Round "15"]
[White "Littlewood, Paul E"]
[Black "Speelman, Jonathan S"]
[Result "0-1"]
[WhiteElo "2440"]
[BlackElo "2490"]

1.d4 Nf6 2.c4 e6 3.Nc3 Bb4 4.e3 O-O 5.Nf3 b6 6.Bd3 Bb7 7.Qc2 c5 8.a3 Bxc3+
9.bxc3 d5 10.cxd5 Qxd5 11.e4 Qh5 12.Qe2 Nbd7 13.O-O e5 14.dxe5 Nxe5 15.Nxe5 Qxe5
16.f4 Qe6 17.e5 Rfe8 18.Qc2 g6 19.c4 Nh5 20.Bb2 Qg4 21.Qe2 Qxe2 22.Bxe2 Ng7
23.a4 Rad8 24.Bc3 Nf5 25.a5 Be4 26.axb6 axb6 27.Ra6 Ne3 28.Rf2 Rb8 29.Bd2 Nf5
30.Bf3 Bxf3 31.Rxf3 Red8 32.Bc3 Rd1+ 33.Kf2 h5 34.Ke2 Rg1 35.Rf2 Rd8 36.Rxb6 Rc1
37.Rb3 h4 38.Rf1 Rc2+ 39.Ke1 Ne3  0-1

[Event "Malta ol (Men)"]
[Site "La Valetta"]
[Date "1980.??.??"]
[Round "?"]
[White "Marjanovic, Slavoljub"]
[Black "Speelman, Jonathan S"]
[Result "1-0"]
[WhiteElo "2510"]
[BlackElo "2490"]

1.e4 c5 2.Nf3 d6 3.d4 cxd4 4.Nxd4 Nf6 5.Nc3 Nc6 6.Bg5 e6 7.Qd2 a6 8.O-O-O Bd7
9.f4 b5 10.Bxf6 gxf6 11.Kb1 Qb6 12.Nce2 h5 13.g3 h4 14.Bg2 Nxd4 15.Nxd4 Rc8
16.Rhf1 hxg3 17.hxg3 Rc5 18.Bf3 b4 19.Rh1 Rg8 20.Rh7 a5 21.Nb3 Rc7 22.Bh5 Bc6
23.Qd3 Bb5 24.Qd4 Qc6 25.Qf2 Rg7 26.Rxg7 Bxg7 27.Nxa5 Qxe4 28.Bf3 Qf5 29.Nb7 Bf8
30.g4 Qh7 31.f5 Bc6 32.Qb6 Bxb7 33.Qxc7 Bxf3 34.fxe6 Be7 35.Qc8+ Bd8 36.Qd7+ Kf8
37.Qxd8+ Kg7  1-0

[Event "Malta ol (Men)"]
[Site "La Valetta"]
[Date "1980.??.??"]
[Round "?"]
[White "Speelman, Jonathan S"]
[Black "Ardiansyah, Haji"]
[Result "1-0"]
[WhiteElo "2490"]
[BlackElo "2365"]

1.e4 c5 2.Nf3 d6 3.d4 cxd4 4.Nxd4 Nf6 5.Nc3 a6 6.Be2 e5 7.Nb3 Be7 8.O-O Be6
9.f4 Qc7 10.a4 Nbd7 11.Kh1 Rc8 12.f5 Bc4 13.Bxc4 Qxc4 14.a5 O-O 15.Ra4 Qc6
16.Qf3 Ra8 17.Be3 Bd8 18.Rfa1 Re8 19.Nd2 b5 20.axb6 Bxb6 21.Rxa6 Bxe3 22.Rxc6 Rxa1+
23.Nf1 Bc5 24.g3 Nb8 25.Rc7 Na6 26.Rb7 Nb4 27.Qe2 Nxc2 28.Kg2 Ne1+ 29.Kh3 h5
30.Nd1 Ng4 31.Nfe3 Nxe3 32.Nxe3 Bxe3 33.Qxe3 d5 34.exd5 e4 35.d6 Nf3 36.Re7 Rxe7
37.dxe7 Ra8 38.Qb6  1-0

[Event "Malta ol (Men)"]
[Site "La Valetta"]
[Date "1980.??.??"]
[Round "?"]
[White "Speelman, Jonathan S"]
[Black "Bielczyk, Jacek"]
[Result "1-0"]
[WhiteElo "2490"]
[BlackElo "2380"]

1.e4 c5 2.Nf3 Nc6 3.d4 cxd4 4.Nxd4 e5 5.Nb5 a6 6.Nd6+ Bxd6 7.Qxd6 Qf6 8.Qd1 Qg6
9.Nc3 d5 10.Nxd5 Qxe4+ 11.Be3 Nd4 12.Nc7+ Ke7 13.Qd3 Nxc2+ 14.Kd2 Bf5 15.Bc5+ Kf6
16.Qd6+ Be6 17.Bd3 Qxg2 18.Nxa8 e4 19.Bxc2  1-0

[Event "Malta ol (Men)"]
[Site "La Valetta"]
[Date "1980.??.??"]
[Round "?"]
[White "Speelman, Jonathan S"]
[Black "Farago, Ivan"]
[Result "1-0"]
[WhiteElo "2490"]
[BlackElo "2505"]

1.d4 e6 2.g3 Nf6 3.Bg2 d5 4.Nf3 Be7 5.O-O O-O 6.c4 Nbd7 7.Qc2 c6 8.Rd1 b5
9.c5 Ne4 10.Nbd2 f5 11.Ne1 e5 12.dxe5 Nxd2 13.Bxd2 Nxe5 14.a4 Ba6 15.Bc3 Nd7
16.Nf3 Nxc5 17.Nd4 Bb7 18.axb5 cxb5 19.Nxf5 Ne6 20.Bxd5 Bxd5 21.Rxd5 Qe8
22.Qe4 Bc5 23.b4 Bb6 24.Re5 Rf6 25.Nxg7 Nxg7 26.Rxe8+ Rxe8 27.Qd5+ Rf7 28.e3 Nf5
29.Rd1 h6 30.Qc6 Ree7 31.Bf6 Rc7 32.Qe6  1-0

[Event "Malta ol (Men)"]
[Site "La Valetta"]
[Date "1980.??.??"]
[Round "?"]
[White "Speelman, Jonathan S"]
[Black "Jansa, Vlastimil"]
[Result "1-0"]
[WhiteElo "2490"]
[BlackElo "2480"]

1.Nf3 Nf6 2.c4 c5 3.Nc3 e6 4.g3 b6 5.Bg2 Bb7 6.O-O Be7 7.Re1 d5 8.cxd5 exd5
9.d4 O-O 10.Bg5 Na6 11.Rc1 h6 12.Bxf6 Bxf6 13.e3 Qe7 14.dxc5 Nxc5 15.Nd4 Qd7
16.Re2 Ne4 17.Rec2 Rac8 18.Bf3 Ng5 19.Bg4 Ne6 20.Ncb5 Rxc2 21.Rxc2 Bxd4 22.Nxd4 Rc8
23.Rxc8+ Bxc8 24.h4 Qc7 25.Bf3 Bb7 26.Nf5 Qd7 27.Bxd5 g6 28.Qf3 Ng5 29.hxg5 Bxd5
30.Qxd5  1-0

[Event "Phillips&Drew"]
[Site "London"]
[Date "1980.??.??"]
[Round "1"]
[White "Speelman, Jonathan S"]
[Black "Sax, Gyula"]
[Result "1/2-1/2"]
[WhiteElo "2490"]
[BlackElo "2570"]

1.c4 e5 2.Nc3 Nf6 3.Nf3 Nc6 4.g3 Bb4 5.Nd5 e4 6.Nh4 Bc5 7.Bg2 d6 8.O-O Be6
9.d3 Nxd5 10.cxd5 Bxd5 11.Nf5 Qf6 12.dxe4 Be6 13.Ne3 O-O 14.Nd5 Qd8 15.Bf4 a5
16.Rc1 Nb4 17.a3 Nxd5 18.exd5 Bg4 19.h3 Bh5  1/2-1/2

[Event "Phillips&Drew"]
[Site "London"]
[Date "1980.??.??"]
[Round "2"]
[White "Speelman, Jonathan S"]
[Black "Stean, Michael"]
[Result "1-0"]
[WhiteElo "2490"]
[BlackElo "2530"]

1.d4 Nf6 2.c4 e6 3.Nf3 b6 4.Nc3 Bb7 5.Bg5 h6 6.Bh4 g5 7.Bg3 Nh5 8.e3 Nxg3
9.fxg3 Bg7 10.Bd3 Nc6 11.O-O Qe7 12.Rc1 O-O-O 13.Qa4 Kb8 14.c5 g4 15.Nh4 Bf6
16.Ba6 Bg5 17.Bxb7 Bxe3+ 18.Kh1 Kxb7 19.Rcd1 Bg5 20.d5 exd5 21.b4 d4 22.Nf5 Qe6
23.Nb5 Be3 24.Rde1 Qd5 25.Ne7 Nxe7 26.Qxa7+ Kc6 27.Qxc7+ Kxb5 28.Qxb6+ Kc4
29.Qa6+ Kxb4 30.Rb1+ Kxc5 31.Qb6+ Kc4 32.Qb3+ Kc5 33.Qb4+ Kc6 34.Qb6+  1-0

[Event "Phillips&Drew"]
[Site "London"]
[Date "1980.??.??"]
[Round "3"]
[White "Larsen, Bent"]
[Black "Speelman, Jonathan S"]
[Result "0-1"]
[WhiteElo "2590"]
[BlackElo "2490"]

1.Nf3 Nf6 2.d4 e6 3.g3 d5 4.Bg2 Be7 5.O-O O-O 6.c4 dxc4 7.Ne5 Nc6 8.Nxc6 bxc6
9.Qc2 Qxd4 10.Be3 Qd6 11.Nd2 Nd5 12.Nxc4 Nxe3 13.Nxe3 Ba6 14.Rac1 Rad8 15.Bxc6 Bg5
16.Bf3 Qb6 17.Qc3 Bf6 18.Qxc7 Bxb2 19.Qxb6 axb6 20.Rc2 Bd4 21.Rb1 Rc8 22.Rd2 Rfd8
23.Rbd1 Bf6 24.Ng4 Be7 25.Ne5 Rxd2 26.Rxd2 Rd8 27.Rc2 Bf6 28.Nc6 Rd1+ 29.Kg2 g6
30.Nb4 Bb5 31.Bc6 Be7 32.Bxb5 Bxb4 33.a4 Rd6 34.Rc4 Ba3 35.g4 Bb2 36.Rc8+ Kg7
37.Rc7 Kf8 38.g5 Rd5 39.h4 Rd4 40.Kh3 Rf4 41.Rc2 Ba3 42.f3 Bb4 43.Rc6 Be1
44.Rxb6 Rxh4+ 45.Kg2 Rh5 46.f4 Bd2 47.Kf3 Rh4 48.Kg3 Rxf4 49.Rd6 Ba5 50.Kxf4 Bc7
51.a5 Bxd6+ 52.Kg4 Ke7 53.a6 Bc5 54.e4 e5 55.Bc4 f6 56.Be2 fxg5 57.Kxg5 Kf7
58.Bb5 Kg7 59.Be2 h5 60.Kh4 Kh6 61.Kg3 g5 62.Bd1 g4 63.Be2 Kg5 64.Bd1 h4+
65.Kg2 Be3 66.Be2 h3+  0-1

[Event "Phillips&Drew"]
[Site "London"]
[Date "1980.??.??"]
[Round "6"]
[White "Speelman, Jonathan S"]
[Black "Kortschnoj, Viktor"]
[Result "1/2-1/2"]
[WhiteElo "2490"]
[BlackElo "2695"]

1.d4 Nf6 2.Nf3 e6 3.g3 c5 4.Bg2 Qa5+ 5.Nbd2 cxd4 6.O-O Nc6 7.Nb3 Qb6 8.Nfxd4 d5
9.c4 Nxd4 10.Qxd4 Bd7 11.cxd5 Qxd4 12.Nxd4 Nxd5 13.Rd1 Rc8 14.Bxd5 exd5 15.Be3 Bc5
16.Rac1 b6 17.b4 Bxd4 18.Rxc8+ Bxc8 19.Bxd4 f6 20.Rc1 Kd8 21.a4 Re8 22.e3 Bg4  1/2-1/2

[Event "Phillips&Drew"]
[Site "London"]
[Date "1980.??.??"]
[Round "7"]
[White "Gheorghiu, Florin"]
[Black "Speelman, Jonathan S"]
[Result "0-1"]
[WhiteElo "2605"]
[BlackElo "2490"]

1.d4 Nf6 2.c4 e6 3.Nc3 Bb4 4.Nf3 b6 5.Bg5 Bb7 6.e3 h6 7.Bh4 g5 8.Bg3 Ne4
9.Qc2 Bxc3+ 10.bxc3 d6 11.Bd3 f5 12.d5 exd5 13.cxd5 Bxd5 14.Nd4 Qf6 15.f3 Nc5
16.Bxf5 Nbd7 17.Nb5 O-O-O 18.Nxa7+ Kb7 19.Nb5 Rde8 20.O-O Bc4 21.Bxd7 Nxd7
22.Qa4 Bxb5 23.Qxb5 Nc5 24.e4 Qxc3 25.Rac1 Qa3 26.Rfd1 Ra8 27.Rc2 g4 28.e5 dxe5
29.fxg4 Rhd8 30.Rdc1 Rd2 31.Rxc5 Qe3+ 32.Kh1 Qxc5 33.Qxc5 bxc5 34.h4 Raxa2
35.Kh2 Rxg2+ 36.Kh3 Rgc2 37.Rxc2 Rxc2 38.h5  0-1

[Event "Phillips&Drew"]
[Site "London"]
[Date "1980.??.??"]
[Round "8"]
[White "Speelman, Jonathan S"]
[Black "Andersson, Ulf"]
[Result "0-1"]
[WhiteElo "2490"]
[BlackElo "2590"]

1.d4 Nf6 2.Nf3 e6 3.g3 b5 4.Bg2 Bb7 5.O-O c5 6.a4 b4 7.Nbd2 cxd4 8.Nb3 Be7
9.a5 O-O 10.Qxd4 Bd5 11.Bg5 Qc7 12.Rfc1 h6 13.Bf4 Qb7 14.a6 Nxa6 15.Ra4 Nb8
16.Rca1 Nc6 17.Qd1 Rfc8 18.Be3 Ng4 19.Bc1 Qb6 20.Qf1 a5 21.h3 Nf6 22.Be3 Qc7
23.Nbd2 Nd8 24.Rc1 Nb7 25.c3 Qd8 26.Raa1 bxc3 27.bxc3 Bc5 28.Bf4 Nh5 29.Be5 d6
30.Bd4 Nf6 31.c4 Bxd4 32.Nxd4 Bxg2 33.Qxg2 Nc5 34.Rcb1 a4 35.Nb5 d5 36.Rd1 Qa5
37.Nd6 Rd8 38.cxd5 Nxd5 39.N2c4 Qa6 40.Rxd5 exd5 41.Qxd5 Ne6 42.e4  0-1

[Event "Phillips&Drew"]
[Site "London"]
[Date "1980.??.??"]
[Round "9"]
[White "Ljubojevic, Ljubomir"]
[Black "Speelman, Jonathan S"]
[Result "1/2-1/2"]
[WhiteElo "2590"]
[BlackElo "2490"]

1.e4 c6 2.d3 d5 3.Nd2 g6 4.Ngf3 Bg7 5.Be2 e5 6.O-O Ne7 7.b4 O-O 8.Bb2 Qc7
9.Re1 a5 10.a3 Na6 11.h3 Be6 12.c3 Rfd8 13.Qc2 dxe4 14.dxe4 b5 15.bxa5 Nc5
16.c4 Rdc8 17.Bc3 Nb7 18.Ng5 Bd7 19.Nb3 h6 20.Nf3 Be6 21.Nfd2 c5 22.Qb2 b4
23.axb4 cxb4 24.Bxb4 Nc6 25.Nc5 Nxc5 26.Bxc5 Rxa5 27.Bb6 Rxa1 28.Rxa1 Qe7
29.c5 Nd4 30.Bc4 Bf8 31.Ra7 Qf6 32.Bxe6 Nxe6 33.Nf3 Bxc5 34.Bxc5 Rxc5 35.Ra8+ Kh7
36.Qb8 h5 37.Qg8+  1/2-1/2

[Event "Phillips&Drew"]
[Site "London"]
[Date "1980.??.??"]
[Round "10"]
[White "Speelman, Jonathan S"]
[Black "Short, Nigel D"]
[Result "1-0"]
[WhiteElo "2490"]
[BlackElo "2360"]

1.d4 Nf6 2.c4 e6 3.Nc3 Bb4 4.e3 a6 5.Nf3 c5 6.Bd3 O-O 7.O-O Nc6 8.d5 Ne7
9.d6 Ng6 10.Ne2 b5 11.a3 Ba5 12.b4 Bb6 13.cxb5 axb5 14.Bb2 c4 15.Bc2 Nd5
16.e4 Ndf4 17.Nxf4 Nxf4 18.Qd2 Ng6 19.a4 bxa4 20.Qc3 f6 21.Rfe1 Nf4 22.Qxc4 Ba6
23.b5 Rc8 24.Qxa4 Bxb5 25.Qxb5 Rxc2 26.Bd4 Rc6 27.g3 Rxd6 28.gxf4 Bxd4 29.Rad1 Rb6
30.Qa4 Bc5 31.Rxd7 Qe8 32.Qa7 Qg6+ 33.Kf1 Qg4 34.Ng5  1-0

[Event "Phillips&Drew"]
[Site "London"]
[Date "1980.??.??"]
[Round "11"]
[White "Timman, Jan H"]
[Black "Speelman, Jonathan S"]
[Result "1/2-1/2"]
[WhiteElo "2600"]
[BlackElo "2490"]

1.e4 c6 2.d4 d5 3.Nd2 dxe4 4.Nxe4 Nf6 5.Nxf6+ gxf6 6.Nf3 Bf5 7.Be2 e6 8.O-O Qc7
9.c4 Nd7 10.d5 Rg8 11.Be3 Be4 12.dxe6 fxe6 13.Qd4 Rg4 14.Ne1 Bf3 15.Qd1 Bxe2
16.Qxe2 Rg6 17.Nd3 Bd6 18.Qh5 Nf8 19.c5 Qf7 20.Qf3 Bc7 21.b4 e5 22.Qf5 Rd8
23.Rfd1 Qe6 24.Qh5 Qc4 25.Qf5 Ne6 26.Nb2 Rxd1+ 27.Rxd1 Qg4 28.Qxg4 Rxg4 29.a3 Nf4
30.Bxf4 Rxf4 31.Kf1 a5 32.bxa5 Bxa5 33.g3 Rg4 34.f3 Rg7 35.Nc4 Bc7 36.Rb1 Bb8
37.Na5 Ba7 38.Nxb7 Rd7 39.Ke2 Ke7 40.a4 Ke6 41.a5 Rd4 42.Rd1 Rxd1 43.Kxd1 Kd5
44.a6 Kc4 45.g4 Kd3 46.Nd8 Ke3 47.Nxc6 Bxc5 48.g5 fxg5 49.Nxe5 Ba7 50.Ke1 Kf4
51.Nc6 Bb6 52.Ke2 g4 53.fxg4 Kxg4 54.Ne5+ Kh3 55.Kf3 h5 56.Ng6 Kxh2 57.Nf4 h4
58.Kg4 Kg1 59.Kxh4 Kf2 60.Kg4 Ba7 61.Nd5 Ke2 62.Nb4 Ke3 63.Nc6 Bb6 64.Kf5 Kd3
65.Ke6 Kc4  1/2-1/2

[Event "Phillips&Drew"]
[Site "London"]
[Date "1980.??.??"]
[Round "13"]
[White "Nunn, John DM"]
[Black "Speelman, Jonathan S"]
[Result "1/2-1/2"]
[WhiteElo "2515"]
[BlackElo "2490"]

1.e4 e5 2.Nc3 Nf6 3.f4 d5 4.fxe5 Nxe4 5.d3 Bb4 6.dxe4 Qh4+ 7.Ke2 Bxc3 8.bxc3 Bg4+
9.Nf3 dxe4 10.Qd4 Bh5 11.Ke3 Bxf3 12.gxf3 Qe1+ 13.Kf4 Qh4+ 14.Ke3  1/2-1/2

[Event "Maribor"]
[Site "Maribor"]
[Date "1980.??.??"]
[Round "?"]
[White "Speelman, Jonathan S"]
[Black "Kuligowski, Adam"]
[Result "1-0"]
[WhiteElo "2490"]
[BlackElo "2405"]

1.d4 d5 2.c4 c6 3.Nf3 Nf6 4.Nc3 e6 5.e3 Nbd7 6.Qc2 Bd6 7.e4 dxe4 8.Nxe4 Nxe4
9.Qxe4 e5 10.dxe5 Qe7 11.Bf4 Bb4+ 12.Bd2 Bxd2+ 13.Nxd2 Qxe5 14.O-O-O Qxe4
15.Nxe4 O-O 16.f4 Nb6 17.Be2 a5 18.b3 Nd7 19.Rhe1 Rb8 20.Bf3 h6 21.g3 Nf6
22.Nxf6+ gxf6 23.g4 a4 24.f5 axb3 25.axb3 Ra8 26.Kb2 Ra5 27.Rd6 Kg7 28.Kc3 Ra2
29.h4 Rf2 30.Bd1 h5 31.Rg1 hxg4 32.Rxg4+  1-0

[Event "Maribor"]
[Site "Maribor"]
[Date "1980.??.??"]
[Round "?"]
[White "Speelman, Jonathan S"]
[Black "Kovacevic, Vlatko"]
[Result "1-0"]
[WhiteElo "2490"]
[BlackElo "2510"]

1.d4 Nf6 2.c4 e6 3.g3 d5 4.Nf3 Bb4+ 5.Bd2 Be7 6.Bg2 O-O 7.O-O Nbd7 8.Qc2 c6
9.Rd1 b5 10.c5 a5 11.Be1 Ne4 12.Nbd2 f5 13.Nb3 Qc7 14.Nc1 e5 15.Nd3 Bf6 16.dxe5 Nxe5
17.Nfxe5 Bxe5 18.f3 Nf6 19.Qd2 Nd7 20.Bf2 f4 21.gxf4 Bxf4 22.Nxf4 Qxf4 23.Qxf4 Rxf4
24.e4 Bb7 25.Rac1 Ne5 26.Bg3 Nxf3+ 27.Kh1 Rf6 28.exd5 cxd5 29.c6 Ba6 30.Rxd5 Raf8
31.c7 Bb7 32.Rd8 Bc8 33.Rf1 Bb7 34.Bxf3 Rxf3 35.Rxf3 Bxf3+ 36.Kg1 Bg4 37.Bd6  1-0

[Event "WchT U26"]
[Site "Mexico"]
[Date "1980.??.??"]
[Round "?"]
[White "Speelman, Jonathan S"]
[Black "Jussupow, Artur"]
[Result "1/2-1/2"]
[WhiteElo "2490"]
[BlackElo "2485"]

1.c4 e5 2.Nc3 Nc6 3.g3 g6 4.Bg2 Bg7 5.d3 d6 6.Rb1 a5 7.e3 Nf6 8.Nge2 O-O
9.O-O Be6 10.Nd5 Qd7 11.f4 Nh5 12.Rf2 f5 13.a3 Nf6 14.b4 Rab8 15.Nec3 axb4
16.axb4 Ne7 17.b5 Nexd5 18.cxd5 Bf7 19.h3 Nh5 20.Ne2 exf4 21.gxf4 Qe7 22.Qd2 Rfe8
23.e4 Ra8 24.Qc2 g5 25.fxg5 fxe4 26.dxe4 Bg6 27.Rb4 Ra1 28.Rc4 Qxg5 29.Rxc7 Ng3
30.Rxg7+ Kxg7 31.Kh2 Rxc1 32.Qxc1 Qxc1 33.Nxc1 Nxe4 34.Ra2 Nc5 35.Ne2 Re5
36.Nf4 Bf7 37.b6 Kf6 38.Ra8 Rf5 39.Kg3 Ke5 40.Ne6 Nd7 41.Ra7 Nxb6 42.Rxb7 Nxd5
43.Nd8 Bg8 44.Rg7 Rf8 45.Nc6+ Kf6 46.Rd7 Ke6 47.Rg7 Nc3 48.Re7+ Kf6 49.Re3 Nb5
50.Rf3+ Kg7 51.Rxf8 Kxf8 52.Kf4 Kg7 53.Kf5 Nc7 54.Nd4 Bf7 55.Bc6 Bg6+ 56.Kf4 Kf6
57.h4 Bb1 58.Bb7 Bd3 59.Ke3 Bg6 60.Kf4 d5 61.Bc8 Na8 62.Bh3 Be4 63.Ne6 Bg6
64.Nf8 Nb6 65.Nd7+ Nxd7 66.Bxd7 Ke7 67.Bg4 Kd6 68.h5 Bb1 69.Ke3 Kc5 70.h6 Kc4
71.Be6 Be4 72.Bf7 Kc5 73.Bh5 Kc4 74.Bf7 Bb1 75.Bg8 Bc2 76.Bf7 Be4 77.Bg8 Kc3
78.Be6 Kc4  1/2-1/2

[Event "WchT U26"]
[Site "Mexico"]
[Date "1980.??.??"]
[Round "?"]
[White "Speelman, Jonathan S"]
[Black "Giardelli, Sergio C"]
[Result "1/2-1/2"]
[WhiteElo "2490"]
[BlackElo "2300"]

1.d4 Nf6 2.c4 e6 3.g3 d5 4.Nf3 Be7 5.Bg2 O-O 6.O-O b6 7.cxd5 exd5 8.Nc3 Bb7
9.Bf4 Na6 10.Rc1 Re8 11.Ne5 c5 12.dxc5 Nxc5 13.Nb5 Ne6 14.Nd3 Ba6 15.a4 Bxb5
16.axb5 Nd4 17.Be5 Nxb5 18.Nf4 Rc8 19.Qa4 Nd6 20.Rxc8 Nxc8 21.Rd1 Qd7 22.Qb3 Qf5
23.Bxf6 Bxf6 24.Rxd5 Qb1+ 25.Rd1 Qxb2 26.Qd5 a5 27.Qd7 Rf8 28.Nd5 Qe5 29.e3 h6
30.h4 Qb2 31.Be4 Qe5  1/2-1/2

[Event "WchT U26"]
[Site "Mexico"]
[Date "1980.??.??"]
[Round "?"]
[White "Speelman, Jonathan S"]
[Black "Alvarez, Jose"]
[Result "1-0"]
[WhiteElo "2490"]
[BlackElo "2200"]

1.e4 e5 2.Nf3 Nc6 3.Bc4 Bc5 4.c3 Nf6 5.b4 Bb6 6.d3 d6 7.a4 a5 8.b5 Ne7 9.O-O O-O
10.Nbd2 Ng6 11.Ba2 d5 12.Ba3 Re8 13.exd5 Nxd5 14.Ne4 Ndf4 15.Nfg5 Be6 16.Nxe6 Nxe6
17.Qf3 Nh4 18.Qh5 Nf4 19.Bxf7+ Kh8 20.Qg4 Qxd3 21.Ng5 Nhxg2 22.Rad1 Bxf2+
23.Rxf2 Ne3 24.Rxd3 Nxg4 25.Rxf4 exf4 26.Bxe8 Rxe8 27.Rd8 Rxd8 28.Nf7+ Kg8
29.Nxd8 b6 30.Ne6 Kf7 31.Nxc7 Ne3 32.Bc1 Nd1 33.Nd5 g5 34.c4 Ke6 35.Kf1  1-0

[Event "WchT U26"]
[Site "Mexico"]
[Date "1980.??.??"]
[Round "?"]
[White "Rodriguez, A."]
[Black "Speelman, Jonathan S"]
[Result "1/2-1/2"]
[WhiteElo "2420"]
[BlackElo "2490"]

1.e4 c5 2.Nf3 e6 3.d4 cxd4 4.Nxd4 Nf6 5.Nc3 Bb4 6.e5 Nd5 7.Qg4 O-O 8.Bh6 g6
9.Bxf8 Qxf8 10.Qg3 Qc5 11.Ne2 Nc6 12.O-O-O Nxc3 13.Nxc3 Bxc3 14.Qxc3 Qxc3
15.bxc3 Nxe5 16.Be2 Kf8 17.h4 Ke7 18.f4 Nc6 19.h5 b6 20.Bd3 Bb7 21.hxg6 hxg6
22.Bxg6 Nd8 23.Rh7 Bxg2 24.Rg1 Bd5 25.Bd3 Rc8 26.Kb2 Nb7 27.Ba6 Rc5 28.Bxb7 Bxb7
29.Rg5 Rc4 30.f5 Rf4 31.fxe6 dxe6 32.Rh2 Bd5 33.Rgh5 Rc4 34.R2h4 Rc7 35.Rf4 Rc8
36.Rh7 Rf8  1/2-1/2

[Event "BCF-ch"]
[Site "Morecambe"]
[Date "1981.08.08"]
[Round "6"]
[White "Speelman, Jonathan S"]
[Black "Taulbut, Shaun M"]
[Result "1/2-1/2"]
[WhiteElo "2520"]
[BlackElo "2420"]

1.d4 e6 2.g3 Nf6 3.Bg2 d5 4.Nf3 Be7 5.O-O O-O 6.c4 dxc4 7.Qc2 a6 8.Qxc4 b5
9.Qc2 Bb7 10.Bd2 Nbd7 11.Ba5 Rc8 12.Nbd2 Nb8 13.Rac1 Nc6 14.Nb3 Nxa5 15.Nxa5 Be4
16.Nc6 Bxc2 17.Nxd8 Be4 18.Nc6 Bxc6 19.Rxc6 Nd5 20.Rfc1 Bd6 21.Rxa6 Ra8 22.Rxa8 Rxa8
23.a3 b4 24.axb4 Nxb4 25.Nd2 Ra4 26.Bf1 Kf8 27.e3 e5 28.dxe5 Bxe5 29.Nc4 Bf6
30.Kg2 Ra2 31.Rb1 g6 32.Kf3 Ra8 33.Rd1 Nc6 34.Rd7 Ra7 35.Rd5 Rb7 36.Rd2 Rb4
37.Kg2 Ne5 38.Na5 Ra4 39.Nb3 Be7 40.Rc2 Rb4 41.Nc5 Bd6 42.Na6 Rb3 43.h3 h5
44.Nc5 Rb4 45.Na6 Rb3 46.Nc5 Rb4 47.b3 g5 48.Be2 g4 49.Rc3 Ke7 50.Nd3 Nxd3
51.Rxd3 f5 52.Rd5 Rxb3 53.hxg4 Rb2 54.Bd3 h4 55.gxh4 fxg4 56.e4 g3  1/2-1/2

[Event "BCF-ch"]
[Site "Morecambe"]
[Date "1981.08.10"]
[Round "7"]
[White "Bellin, Robert"]
[Black "Speelman, Jonathan S"]
[Result "1/2-1/2"]
[WhiteElo "2390"]
[BlackElo "2520"]

1.d4 Nf6 2.Nf3 c5 3.e3 g6 4.Be2 Bg7 5.O-O O-O 6.b3 cxd4 7.exd4 d5 8.Bb2 Nc6
9.Nbd2 Bf5 10.c3 Ne4 11.Ne1 Qb6 12.Nxe4 Bxe4 13.Nd3 Bxd3 14.Qxd3 e5 15.dxe5 Rad8
16.Qb5 Qxb5 17.Bxb5 Bxe5 18.Rfe1 Bf6 19.Rad1 a6 20.Bf1 d4 21.cxd4 Bxd4 22.Ba3 Rfe8
23.Rxe8+ Rxe8 24.g3 Rd8 25.Kg2 Kg7 26.Be2 f5 27.Bf3 Kf7 28.Rc1 Be5 29.Bxc6 bxc6
30.Bb4 Rc8 31.Rc4 Ke6 32.Ba3 Kd5 33.Rc5+ Ke6 34.Ra5 Ra8 35.Kf3 Bc7 36.Ra4 Bb6
37.Bc1 Kd5 38.Be3 Bxe3 39.Kxe3 c5 40.Kf4 h6 41.h4 a5 42.h5 gxh5 43.Kxf5 Rf8+
44.Kg6 Rxf2 45.Kxh5 Rh2+ 46.Kg4 h5+ 47.Kf3 Kc6 48.Rxa5 h4 49.g4 Rb2 50.Ke4 h3
51.Ra6+ Kb5 52.Rh6 h2 53.a4+  1/2-1/2

[Event "BCF-ch"]
[Site "Morecambe"]
[Date "1981.08.12"]
[Round "9"]
[White "Speelman, Jonathan S"]
[Black "Short, Nigel D"]
[Result "1-0"]
[WhiteElo "2520"]
[BlackElo "2440"]

1.d4 g6 2.g3 Bg7 3.Bg2 Nf6 4.e4 d6 5.Ne2 O-O 6.O-O e5 7.h3 c6 8.c4 a6 9.Qc2 b5
10.Rd1 Qc7 11.Be3 exd4 12.Nxd4 bxc4 13.Qxc4 Bb7 14.Nb3 Nbd7 15.Bf4 Ne8 16.Nc3 Ne5
17.Qa4 a5 18.Rac1 c5 19.Nd5 Qd8 20.Ne3 Bc6 21.Qa3 Qe7 22.Nxc5 dxc5 23.Qxc5 Ra7
24.Bxe5 Qxe5 25.Qxa7 Bxe4 26.Qc5 Bxg2 27.Qxe5 Bxe5 28.Kxg2 Bxb2 29.Rc5  1-0

[Event "BCF-ch"]
[Site "Morecambe"]
[Date "1981.08.13"]
[Round "10"]
[White "Pritchett, Craig William"]
[Black "Speelman, Jonathan S"]
[Result "0-1"]
[WhiteElo "2395"]
[BlackElo "2520"]

1.e4 c6 2.d4 d5 3.Nd2 dxe4 4.Nxe4 Nd7 5.Bc4 Ngf6 6.Ng5 e6 7.Qe2 Nb6 8.Bd3 h6
9.N5f3 c5 10.dxc5 Nbd7 11.b4 b6 12.Bb2 bxc5 13.O-O-O c4 14.Bxc4 Bxb4 15.Ne5 Qb6
16.Ngf3 Rb8 17.Nxd7 Nxd7 18.Bb3 O-O 19.Rd4 Nc5 20.Rhd1 a5 21.Ne5 f6 22.Rg4 Rb7
23.Ng6 Rff7 24.Kb1 Nxb3 25.axb3 e5 26.Rg3 a4 27.Qc4 Bf5 28.Qxb4 Bxc2+ 29.Kc1 Bxd1
30.Qxb6 Rxb6 31.Kxd1 Rxb3 32.Rxb3 axb3 33.Bc3 Ra7 34.Kc1 Kf7 35.Nh4 Ra2 36.Bb2 Ra4
37.g3 Rc4+ 38.Kb1 Rc2 39.f4 exf4 40.gxf4 Rxh2 41.Nf5 h5 42.Nd4 h4  0-1

[Event "BCF-ch"]
[Site "Morecambe"]
[Date "1981.08.14"]
[Round "11"]
[White "Speelman, Jonathan S"]
[Black "Littlewood, Paul E"]
[Result "1/2-1/2"]
[WhiteElo "2520"]
[BlackElo "2435"]

1.d4 Nf6 2.Nf3 g6 3.c4 Bg7 4.g3 O-O 5.Bg2 d6 6.O-O Nc6 7.Nc3 a6 8.Bd2 Rb8
9.Rc1 Bg4 10.d5 Bxf3 11.exf3 Nd4 12.Be3 Nf5 13.Bf4 c5 14.dxc6 bxc6 15.b3 Nd7
16.Re1 e5 17.Bd2 Nc5 18.Ne4 Ne6 19.b4 Nfd4 20.a3 f5 21.Nc3  1/2-1/2

[Event "Brighton"]
[Site "Brighton"]
[Date "1981.??.??"]
[Round "2"]
[White "Speelman, Jonathan S"]
[Black "Conquest, Stuart"]
[Result "1-0"]
[WhiteElo "2520"]
[BlackElo "2210"]

1.Nf3 g6 2.e4 Bg7 3.d4 d6 4.Bc4 Nf6 5.Qe2 O-O 6.O-O Nfd7 7.c3 c5 8.d5 Nb6
9.Bb3 Bg4 10.Nbd2 Qc7 11.h3 Bxf3 12.Nxf3 c4 13.Bc2 N8d7 14.Be3 Rac8 15.Nd4 Nc5
16.h4 Qd8 17.h5 e5 18.dxe6 fxe6 19.hxg6 hxg6 20.Qg4 Qf6 21.Rad1 Nbd7 22.Nf3 Rc6
23.e5 dxe5 24.Bxg6 Rd8 25.Qh5 Nf8 26.Rxd8  1-0

[Event "Brighton"]
[Site "Brighton"]
[Date "1981.??.??"]
[Round "3"]
[White "Taulbut, Shaun M"]
[Black "Speelman, Jonathan S"]
[Result "0-1"]
[WhiteElo "2420"]
[BlackElo "2520"]

1.e4 c5 2.Nf3 Nc6 3.Bb5 e6 4.O-O Nge7 5.Re1 Ng6 6.c3 a6 7.Bf1 Be7 8.d4 cxd4
9.cxd4 d5 10.e5 O-O 11.Nc3 f6 12.exf6 Bxf6 13.Be3 Bd7 14.Rc1 Kh8 15.Bd3 Be8
16.Na4 b6 17.b3 Ra7 18.Qd2 Be7 19.Ng5 Bb4 20.Qd1 Qf6 21.Rf1 h6 22.Nxb6 Ba3
23.Rc3 Bb2 24.Rxc6 Bxc6 25.Nf3 Bb5 26.Qc2 Bxd3 27.Qxd3 Ba3 28.Qc2 Qf7 29.h3 Rc7
30.Qd3 Bd6 31.Qxa6 Rc6 32.a4 Qe7 33.h4 Nxh4 34.Ne5 Bxe5 35.dxe5 d4 36.Bd2 Rc2
37.Nc4 Nxg2 38.Qd6 Qf7 39.Qxd4 Qf3 40.Ne3 Nf4  0-1

[Event "Brighton"]
[Site "Brighton"]
[Date "1981.??.??"]
[Round "4"]
[White "Speelman, Jonathan S"]
[Black "Burger, Karl"]
[Result "1/2-1/2"]
[WhiteElo "2520"]
[BlackElo "2420"]

1.d4 Nf6 2.Nf3 e6 3.g3 b6 4.Bg2 Bb7 5.c4 Be7 6.O-O O-O 7.d5 exd5 8.Nh4 c6
9.cxd5 Nxd5 10.Nf5 Nf6 11.e4 d5 12.Nc3 Nbd7 13.exd5 cxd5 14.Nxd5 Bxd5 15.Bxd5 Nxd5
16.Qxd5  1/2-1/2

[Event "Brighton"]
[Site "Brighton"]
[Date "1981.??.??"]
[Round "5"]
[White "Arnason, Jon L"]
[Black "Speelman, Jonathan S"]
[Result "1/2-1/2"]
[WhiteElo "2440"]
[BlackElo "2520"]

1.e4 c6 2.d4 d5 3.Nd2 dxe4 4.Nxe4 Nd7 5.Bc4 Ngf6 6.Ng5 e6 7.Qe2 Nb6 8.Bd3 h6
9.N5f3 c5 10.dxc5 Nbd7 11.b4 b6 12.Nd4 Nd5 13.Bb2 Nxb4 14.c6 Nxd3+ 15.Qxd3 Nc5
16.Qf3 Ba6 17.O-O-O Qc7 18.Nge2 Be7 19.Kb1 Rc8 20.Nc3 O-O 21.Ncb5 Qb8 22.c7 Rxc7
23.Nxc7 Qxc7 24.Nc6 Rc8 25.Nxe7+ Qxe7 26.Qg4 f6 27.Rhe1 Bb7 28.Re3 Kh8 29.Qg6 Na4
30.Rd4 Nxb2 31.Kxb2 e5 32.Rh4 e4 33.Rxh6+ Kg8 34.Reh3  1/2-1/2